| 000 | 00648nam a2200229 a 4500 | ||
|---|---|---|---|
| 999 |
_c999 _d999 |
||
| 001 | 13371 | ||
| 003 | BD-DhUAP | ||
| 005 | 20200129160952.0 | ||
| 008 | 200129s1985 maua 001 0 eng d | ||
| 040 |
_aBD-DhUAP _cBD-DhUAP _dBD-DhUAP _bEng |
||
| 082 | 0 | 0 |
_a340 FIT _223 |
| 100 | _aFitzgerald, P. J. | ||
| 245 |
_aSulmond on jurisprudence / _cP. J. Fitzgerald. |
||
| 250 | _a12th ed. | ||
| 260 |
_aLondon : _bMaxwell limited, _cc1966 [Reprinted 1985]. |
||
| 300 |
_axxiii, 478 pages ; _c22 cm. |
||
| 500 | _aIncludes index. | ||
| 650 | _aJurisprudence. | ||
| 942 |
_2ddc _cBK |
||